| 000 | 01323nam0a2200337 4500 | ||
|---|---|---|---|
| 001 | RU\NLR\BIBL_A\022678318 | ||
| 005 | 20260406100749.0 | ||
| 010 |
_a978-5-98297-012-1 _91000 |
||
| 035 | _a(NLR Aleph) 022678318 | ||
| 090 |
_a13544123 _c13544123 |
||
| 100 | _a20251203d2024 k y0rusy50 ca | ||
| 101 | 0 | _aeng | |
| 102 | _aRU | ||
| 105 | _aa z 000yy | ||
| 181 | 0 |
_ai3 _baxxe |
|
| 182 | 0 | _an | |
| 200 | 1 |
_aPost-mortem face and body reconstruction _eguide of restorative art _fD. S. Yevsikov |
|
| 203 |
_aТекст _bвизуальный _cнепосредственный |
||
| 210 |
_aNovosibirsk _cСибпринт _d2024 |
||
| 215 |
_a253 с. _cил., цв. ил. _d22 |
||
| 320 | _aБиблиогр.: с. 251-253 (48 назв.) | ||
| 333 | _a18+ | ||
| 541 | 1 | _aПосмертная реконструкция лица и тела: руководство по реставрационному искусству | |
| 606 | 1 |
_aТрупы _jРуководства, пособия и т.п _xВнешность _xРеставрация _92518304 _3RU\NLR\AUTH\661492462 |
|
| 686 | 1 | _aР811.436я7 | |
| 700 | 1 |
_7ba _8rus _aEvsikov _bD. S. _gDmitrij Sergeevič _3RU\NLR\AUTH\770289286 _92694759 |
|
| 942 | _cBOOK | ||
| 980 | _aNB | ||